000 00586nam a2200229Ia 4500
003 OSt
005 20220918200859.0
006 a|||||r|||| 00| 0
007 ta
008 220917b |||||||| |||| 00| 0 eng d
024 _a90,672
037 _cTextual
040 _aARTS
_cARTS
_beng
041 _2eng
_aeng
082 _aVv, K1
100 _aWidgery Alban G
_979425
245 0 _aInterpretations of history
260 _aLondon
_bGeorge Allen and Unwin
_c1961
650 _aHISTORY
942 _hVv, K1
_cTEXL
_2CC
999 _c214333
_d214333